[Event "EU-Cup 21st"]
[Site "Saint Vincent"]
[Date "2005.09.18"]
[Round "1.5"]
[White "Lapienis, Donatas P"]
[Black "Golod, Vitali"]
[Result "0-1"]
[WhiteElo "2311"]
[BlackElo "2582"]
[Annotator "Golod,V"]
[PlyCount "88"]
[EventDate "2005.09.18"]
[EventType "team-swiss"]
[EventRounds "7"]
[EventCountry "ITA"]
[SourceTitle "CBM 110"]
[Source "ChessBase"]
[SourceDate "2006.01.31"]
[SourceVersion "1"]
[SourceVersionDate "2006.01.31"]
[SourceQuality "1"]
[WhiteTeam "Vilnius NSEL"]
[BlackTeam "Beer Sheva"]
[WhiteTeamCountry "LTU"]
[BlackTeamCountry "ISR"]

1. d4 d5 2. c4 dxc4 3. Nf3 c6 4. e3 Be6 5. a4 ({In my games played before,
this was seen:} 5. Nc3 $5) 5... Nf6 6. Na3 c5 7. Nxc4 Nc6 8. Be2 {This move
does not give any big problems for Black. Obviously, to fight for an advantage
in the opening, White had to choose a more active way to play:} (8. a5 $5 {
/\a6 - there were 3 games played with this move}) (8. Nce5 $5 {For further
informations you can find sixteen games in Mega DataBase 2005.}) 8... cxd4 9.
exd4 ({Also leads to equality:} 9. Nxd4 Nxd4 10. exd4 {[%csl Re8][%cal Gc4e5,
Ge2b5]} g6 $5 11. Ne5 Bg7 12. Bb5+ Bd7 13. Nxd7 Nxd7 14. Qf3 a6 {and so on.})
9... Bd5 $11 ({Before that, this was seen twice:} 9... g6 $5 {/\Bg7,0-0}) 10.
O-O e6 11. Ne3 $6 $146 ({This looks more logical:} 11. Bf4 Be7 12. Rc1 O-O 13.
Nfe5 Rc8 14. Qd2 Ne4 15. Qe3 Nd6 16. Nxd6 Bxd6 17. Bd3 Qe7 18. Bb1 Bb8 $11 {
Piceu,T-Groffen,H/Belgium,2000(1/2-1/2)(22)}) 11... Be7 12. Ne5 {From my point
of view, White didn't take the bishop right away, for a good reason:} (12. Nxd5
Qxd5 $5 (12... Nxd5 13. Ne5 O-O {transfers to - 12.Ne5}) 13. b3 {/\Bc4} O-O 14.
Bc4 Qd6 $11) 12... O-O {I had an interesting possibility, according to the
computer:} (12... Be4 $5 {קd4} 13. f3 $140 Qxd4 14. Nxf7 (14. Nxc6 $2 Qxd1 15.
Rxd1 Bxc6 $17) 14... Qxd1 15. Bxd1 Kxf7 16. fxe4 Bc5 $36) 13. Nxd5 Nxd5 14.
Nxc6 bxc6 {In the current pawn structure, White has one major disadvantage -
the pawn on "a4", which weakens the point "b4" without any way of correcting
it.} 15. Bd2 Bf6 16. Bc3 Rc8 {I'm preparing an exchange on "c3" with the idea
to push "c5".} (16... Nxc3 $5 17. bxc3 c5 18. dxc5 Qc7 19. Qd6 Rac8 {[%csl Rc5]
[%cal Gc7c5] with an obvious advantage for Black in the endgame.}) 17. Ba6 (17.
Rb1 $5) 17... Rb8 18. Rc1 Nxc3 $6 {Probably this wasn't the best choice.} (
18... Bg5 $5 19. Rc2 $140 Nb4 (19... Nxc3 $143 20. bxc3 Qa5 21. Bd3 Qxa4 22.
Qe2 $44) 20. Bxb4 Rxb4 21. Rxc6 Rxd4 $15) 19. bxc3 Qa5 $1 {When I played 18...
Nxc3 I was originally planning:} (19... Bg5 {but I completely missed the idea,
that after this move, my opponent had a simple defense:} 20. f4 (20. Rc2 $143
Qa5 {transfers to - 18...Bg5}) 20... Bf6 21. Bc4 c5 $140 22. d5 {and White is
practically equal.}) 20. Bd3 Rfd8 {[%csl Rd1,Rd3][%cal Gc6c5] Too slow!} (20...
c5 $142 21. Qh5 $140 g6 22. Qxc5 Qxc5 23. dxc5 Rfc8 $15) 21. Qc2 g6 22. Rb1 Kg7
{I didn't want to go for the following continuation:} (22... c5 23. Rb5 $1 Rxb5
24. axb5 cxd4 25. c4 {Even though I have an extra pawn, it is still hard to
break through White's position.}) 23. g3 h5 $15 {[%csl Rg1][%cal Gh5h4] I'm
planning to expose my opponents king, but not to give away the b-file.} 24. h4
(24. Be4 {/^a8-h1} c5 $15) 24... c5 {I had to make this move, since I've used
up all the ways to strengthen my position.} 25. dxc5 $2 {The big positional
mistake. After this move, I get a comfortable game, the chance to strengthen
my position and the plan of "g5" with the idea of exposing my opponent's king.}
({Donatas Lapienis had to sacrifice a pawn:} 25. Rb5 $1 Rxb5 26. axb5 cxd4 (
26... c4 $2 27. Bxc4 Rc8 {[%csl Rc3,Rc4][%cal Ga5c7]} 28. Qb3 Qc7 29. Be2 Qxc3
30. Qxc3 Rxc3 31. Rd1 $11) 27. c4 Qc3 (27... a6 $5) 28. Rc1 (28. c5 $2 Rd5 {
[%csl Rb5,Rc5]}) 28... Rc8 29. Qd1 Qb4 $15) 25... Qxc5 26. Rxb8 Rxb8 {<->b} 27.
Rc1 g5 $1 $40 {Finally, I began attacking my opponent's king.} 28. hxg5 Qxg5
29. Kf1 (29. Kh1 $143 h4 30. Rg1 Rh8 {עh1} 31. Kg2 (31. g4 $143 Qf4 {[%csl
Rh1][%cal Gf6e5]}) 31... hxg3 32. fxg3 Be5 $17) 29... h4 30. gxh4 Qxh4 $17 {
Even here, the White king is not entirely safe.} 31. Be4 Rd8 $5 {/\Bg5,Rd2 
(><f2)} 32. Qe2 Bg5 33. Rc2 $140 {Not now, not even on the previous move,
White couldn't put his rook on "d1", since after the rook exchange, White was
losing the "Be4".} Rb8 $1 {[%csl Rf1][%cal Gb8b1]} 34. Qf3 (34. Ra2 $4 {
[%tqu "En","Find the killer move!","","","b8b1","",10]} Rb1+ $1 35. Kg2 (35.
Bxb1 Qh1#) 35... Qh1+ 36. Kg3 Rg1+ 37. Bg2 Qxg2#) 34... Rb1+ 35. Ke2 $8 f5 $1 {
[%csl Ra4,Rc4,Re4][%cal Of5e4,Gh4c4,Gh4a4] Except the idea to grab a free pawn,
I also created the "Qc4+" threat.} 36. Bd3 Qxa4 37. Qg3 Kf6 38. Qh3 Kg6 {
I had to prevent the check on "h8".} 39. Qg3 (39. Qh8 $4 Qg4+ 40. f3 Qg2#)
39... Rh1 40. Rd2 Kf6 $1 $19 {Probably my opponent hoped for a mistake from my
part:} (40... Qa1 $2 41. Bxf5+ $1 (41. f4 $2 Qf1+ 42. Ke3 Qxf4+ $1 43. Qxf4
Rh3+ 44. Kd4 Bxf4 $19) 41... exf5 42. Rd6+ Kf7 43. Rd7+ Ke8 44. Qe5+ $1 Kxd7
45. Qxf5+ Kd6 46. Qd3+ {According to the computer analysis, the black king
cannot escape the perpetual check!}) 41. Bc2 Qc4+ $1 {Black has broken through
his opponent's defense.} 42. Bd3 $8 (42. Qd3 $2 Qg4+ 43. Qf3 (43. f3 Qg2#)
43... Re1+ 44. Kxe1 Qxf3 $19) (42. Rd3 $2 Qe4+ 43. Re3 Qxc2+) 42... Qxc3 43. f4
(43. Rc2 {leads to a beautiful mate in 4:} Re1+ 44. Kf3 Qxd3+ 45. Kg2 Qf1+ 46.
Kf3 (46. Kh2 Qh1#) 46... Re3#) 43... Bh4 44. Qg2 (44. Qg8 $144 Re1+ 45. Kf3
Qc6+ 46. Be4 Qxe4#) 44... Re1+ (44... Re1+ 45. Kf3 Qc6+ 46. Be4 Qxe4#) 0-1

[Event "Montreal 6th"]
[Site "Montreal"]
[Date "2005.08.08"]
[Round "6"]
[White "Golod, Vitali"]
[Black "Roussel Roozmon, Thomas"]
[Result "1/2-1/2"]
[WhiteElo "2582"]
[BlackElo "2439"]
[Annotator "Golod,V"]
[PlyCount "107"]
[EventDate "2005.08.03"]
[EventType "tourn"]
[EventRounds "11"]
[EventCountry "CAN"]
[EventCategory "12"]
[SourceTitle "CBM 109"]
[Source "ChessBase"]
[SourceDate "2005.11.14"]
[SourceVersion "1"]
[SourceVersionDate "2005.11.14"]
[SourceQuality "1"]

1. d4 d5 {Right from his first move, my opponent went out of my home
preparation. I thought he would only play the Nimzovitch.} 2. c4 c6 3. Nf3 Nf6
4. e3 a6 5. Qc2 e6 $5 ({Quite recently, this was checked against me in this
position:} 5... Bg4) 6. Nbd2 Nbd7 7. b3 c5 {Despite the tempo loss, the idea
of a symmetrical center is quite popular these days.} 8. Bd3 ({Before that,
this was seen:} 8. cxd5 $5) ({and} 8. Bb2) 8... cxd4 9. exd4 b6 10. O-O (10.
cxd5 $6 Nxd5 (10... exd5 $143 11. O-O $14) 11. Bxh7 $140 N7f6 12. Bd3 (12. Be4
$5) 12... Nb4 13. Qb1 Nxd3+ 14. Qxd3 Bb7 $44) 10... Bb7 11. Bb2 Be7 $146 {
Black laces his pieces quite passively, but in the same time, keeps a very
steady position.} (11... Bd6 $5 12. Rad1 Rc8 13. Qb1 g6 $6 14. Rfe1 O-O 15. Ne5
{+/=/= Ghorbani,M-Ahmad,A/Aden,2002(1/2-1/2)(37)}) (11... Rc8 $5 {ףc2} 12. Ne5
Nxe5 13. dxe5 Nd7 14. Qd1 (14. Bxh7 $4 Qh4 {[%csl Rh2,Gh4,Rh7,Gh8]}) 14... Be7
15. cxd5 (15. Qg4 $5) 15... Nc5 16. Be2 Qxd5 17. Bf3 Qd7 18. Bxb7 Qxb7 $11 {
Szuhanek,R-Vysochin,S/Cairo,2003(1/2-1/2)(37)}) 12. Rac1 h6 $6 {There was no
point to lose a tempo to make this move:} (12... O-O $142 13. c5 $140 $2 bxc5
14. dxc5 Bxc5 $1 (14... Nxc5 15. Bxf6 gxf6 16. Bxh7+ Kg7 $15) 15. Bxf6 Qxf6 16.
Bxh7+ Kh8 $17) 13. Rfe1 O-O 14. Qd1 {[%csl Ra6,Gd3][%cal Gd1e2] I realized
that my queen is useless on the /^b1-h7 and the square b1.} (14. Ne5 Rc8 15.
Ndf3 dxc4 16. bxc4 Qc7 $11) 14... Rc8 $11 15. Qe2 dxc4 (15... a5 $5) 16. bxc4
Bb4 $5 {Black has created the threat Bxf3.} (16... Qc7 $2 17. d5 $1 Nc5 $140
18. Bf5 $1 {[%csl Ge1,Ge2,Re6,Re7] I didn't see this option during the game.}
Bd6 (18... Qf4 $2 19. Bh3 $36) (18... Rce8 $6 19. dxe6 Nxe6 20. Bxe6 Bd6 21. c5
$1 bxc5 22. Bxf6 Rxe6 23. Be5 Bxe5 24. Nxe5 Rfe8 25. f4 f6 26. Qc4 fxe5 27. f5
Qd8 {פd2; /\Bd5} 28. fxe6 Qxd2 29. Re2 $16) 19. dxe6 Rce8 $14) 17. Rc2 Rc7 18.
a3 Be7 {It seems that Black prefers this spot for his bishop.} (18... Bd6 $5)
19. Ne4 Nxe4 ({I was afraid of:} 19... Qa8 $5 {with pressure on /^a8-h1.}) 20.
Bxe4 Bxe4 21. Qxe4 Bf6 22. Bc1 b5 $6 {This is a quite doubtful positional
decision.} (22... Qc8 $5) 23. c5 Qa8 24. Qxa8 (24. c6 $6 {White doesn't want
to take on d7 yet, but created the threat Bf4, unfortunately I found that
black has the following reply:} Be7 $1 {[%csl Rc6][%cal Gd7f6]} (24... Nb8 $2
25. Bf4 Rcc8 (25... Rxc6 $4 26. Bxb8 $18 {צc6,Qa8}) 26. c7 Qxe4 27. Rxe4 Nd7
28. Rc6 $16) (24... Nb6 $6 25. Bf4 Ra7 26. Bd6 $14) 25. Qg4 $140 $1 {and White
has achieved equality:} (25. Bxh6 $2 gxh6 26. Qg4+ Kh7 27. Qf4 (27. Qe4+ $6 f5
$1 (27... Kg7 28. Qg4+) 28. Qxe6 Nb6 $17) 27... Bd8 28. Qe4+ Kh8 29. Qf4 Nf6
30. Qxh6+ Nh7 $15) (25. Ne5 $2 Nxe5 26. Qxe5 Rfc8 $1 {/\Bf6 קc6} (26... Rxc6
$5 27. Rxc6 Qxc6 28. d5 {ץe7} Qd6 29. Qxd6 (29. dxe6 $2 Qxe5 30. Rxe5 Rc8 31.
exf7+ Kxf7 32. Re1 Rc2 $19) 29... Bxd6 30. dxe6 Rc8 $5 $17) 27. Qg3 Rxc6 28.
Bxh6 Bf6 $17) 25... Rxc6 $1 (25... Kh8 $2 26. Bxh6 $1 gxh6 $140 (26... Bf6 $4
27. cxd7 $1 Rxc2 $140 28. Bxg7+ $1 Bxg7 29. Qh5+ Kg8 30. Ng5 Rd8 31. Qxf7+ Kh8
32. Qg6 Kg8 $8 33. Qxe6+ Kh8 34. Qh3+ Kg8 35. Qh7+ Kf8 36. Qf5+ Kg8 37. Qf7+
Kh8 38. Re8+) 27. Qf4 {[%csl Rc7,Rh6][%cal Gf4c7,Gf4h6]} Qd8 (27... Rxc6 $2 28.
Qxh6+ Kg8 29. Re4 $1 {/\Rg4+} f5 30. Rxc6 fxe4 (30... Qxc6 31. Rxe6 $18) 31.
Qxe6+ Rf7 (31... Kh8 $2 32. Qh6+ Kg8 33. Qg6+ Kh8 34. Qh5+ Kg7 35. Rg6+ Kf7 36.
Rh6+ Kg7 37. Qg6#) 32. Qxd7 $18 {/\Rc8+}) 28. Qxh6+ Kg8 29. Re4 {/\Rg4+} f5 30.
Qxe6+ Rf7 31. Qg6+ Rg7 32. Qxf5 $16) 26. Bxh6 Bf6 27. Rxc6 Qxc6 $11) (24. Qg4
$5 $14 {[%csl Rc7,Rg8,Rh6][%cal Gc1f4,Gc1h6,Gf4c7]}) 24... Rxa8 25. Bf4 Rc6 26.
a4 $1 {I began creating weaknesses on my opponent's queenside.} g5 $6 (26... b4
$1 $13) 27. axb5 $1 {An important intermezzo capture.} (27. Be3 $6 b4 $13)
27... axb5 28. Be3 {קb5 I got what I wanted. My next goal is - to gradually
surround and capture the Pb5.} g4 29. Nd2 Ra4 30. Nb3 Bg7 $1 {[%csl Rd5][%cal
Gd7f6,Gf6d5]} 31. Rb1 Nf6 32. Nc1 b4 $6 {My opponent missed the good chance to
change the situation:} (32... Nd5 $5 33. Rxb5 Bxd4 34. Bxh6 (34. Bxd4 Rxd4 35.
g3 $11) 34... Nc3 35. Rb8+ Kh7 36. Bf8 Ra1 $1 $44) 33. Rc4 Nd5 34. Nd3 (34. Bd2
$5) 34... Rc8 $6 {Again a bad choice.} (34... Nc3 $6 35. Rcxb4 Rca6 36. Rxa4
Rxa4 37. Rb8+ Kh7 38. h3 $14) (34... Rca6 $5 {עg1} 35. c6 (35. Bd2 $2 Ra1 $36)
35... Ra1 36. Rf1 Rxf1+ 37. Kxf1 Ra1+ 38. Ke2 Ra2+ (38... Nc3+ $2 39. Kd2 Nb1+
40. Kd1 $1 $18) 39. Kd1 Ra8 $1 {/\Bf8} (39... Ra1+ $2 40. Kc2 Ra2+ 41. Kc1 $16)
40. Nxb4 $140 Ra4 $44) 35. Bd2 $14 Rb8 36. g3 h5 37. Bxb4 $138 {After this
inaccurate capture, it will be hard for me to untie my rooks.} (37. Nxb4 $142
$14 {/\Kg2,Nxd5}) 37... Kf8 38. c6+ (38. Kg2 $5) 38... Ke8 39. c7 $2 {And this
snappy time trouble decision loses the whole advantage.} (39. Rbc1 $5 Rc8 (
39... Nb6 $2 40. Rc5 Nd5 $140 (40... Bxd4 $2 41. Rg5 $1 $18 {/\Rg8 #}) 41. Rxd5
$1 exd5 42. c7 Raxb4 (42... Rc8 $2 43. Re1+ Kd7 44. Nc5+) 43. Nxb4 Rc8 44. Nxd5
Bxd4 45. Rc4 $18 {[%csl Rb6,Rf6,Rh5][%cal Yd4b6,Yd4f6,Gc4d4,Gd5f6,Gd5b6]}) 40.
Bd6 Rxc4 41. Rxc4 $14) 39... Rc8 {[%csl Rc7] Black immediately regains a
material equality.} 40. Rbc1 Nxb4 41. Nxb4 (41. Rxb4 $2 Rxb4 42. Nxb4 Bxd4 $15)
41... Bf8 $1 $11 {/^a3-f8; /\Bd6 קc7} (41... Kd7 42. Nd5 $1 Rxc4 (42... Ra6 $5
43. Nf4 $140 Bh6 $11) 43. Nb6+ Kc6 $8 44. Nxc4 {[%csl Gc1,Rc6][%cal Gc4e5]}
Rxc7 45. Ne5+ Kd6 46. Rxc7 Kxc7 47. Nxf7 Bxd4 $11) 42. Nd3 Rxc4 43. Rxc4 Bd6
44. f3 {Being upset, I chose the safest way to get the draw.} (44. d5 $6 e5 $1
(44... Rxc7 $6 45. Rxc7 Bxc7 46. dxe6 fxe6 $11) 45. Re4 (45. h3 f5 $15) (45.
Nc5 Rxc7 46. Ne4 Ke7 $15) 45... f6 $5 (45... f5 46. Rc4 Kd7 $15) 46. Nf4 $140
f5 47. Re2 Rxc7 $15 48. Nxh5 $2 Kf7 $17 {/\Kg6 (פh5)}) (44. Nf4 $142 Bxf4 (
44... h4 45. d5 $1 $11) 45. gxf4 Kd7 46. Kg2 (46. f5 $5 exf5 47. Rc5 $11) 46...
Rxc7 (46... h4 47. h3 f5 48. hxg4 fxg4 49. Rc5 Rxc7 50. Rg5 Rc4 $11) 47. Rxc7+
Kxc7 48. Kg3 f5 49. Kh4 Kd6 50. Kxh5 Kd5 51. Kg6 Kxd4 52. Kf7 Kd5 (52... e5 $4
53. Kf6 exf4 54. Kxf5 $18) 53. Ke7 Ke4 54. Kxe6 Kxf4 55. Kf6 Ke4 56. Kg5 Ke5
57. Kg6 $11) 44... Rxc7 (44... gxf3 $6 45. Kf2 Rxc7 46. Rxc7 Bxc7 47. Kxf3 Ke7
48. Nf4 Bxf4 49. Kxf4 f6 $11) 45. Rxc7 Bxc7 46. Kg2 Ke7 (46... f5 47. fxg4 hxg4
48. h3 gxh3+ 49. Kxh3 Bb6 50. g4 $11) 47. fxg4 hxg4 48. Nf2 f5 49. h3 gxh3+ 50.
Nxh3 {I chose between this and another way to get full equality:} (50. Kxh3 Bb6
51. g4 f4 (51... Bxd4 52. gxf5 $11) 52. Nd3 $11 {[%csl Rf4]}) 50... Kd6 51. Kf3
Kd5 52. Ng5 (52. g4 $144 fxg4+ 53. Kxg4 Kxd4 54. Ng5 e5 55. Nf3+ Ke4 56. Nxe5
Bxe5) 52... Bd8 53. Nxe6 Kxe6 54. g4 1/2-1/2